Falken im Ordenstaat und Herzogtum Preußen - ein ökologisch und ökonomisch knappes Gut
| Titel: | Falken im Ordenstaat und Herzogtum Preußen - ein ökologisch und ökonomisch knappes Gut / Marie-Luise Heckmann |
|---|---|
| Verfasser: | |
| In: |
Preußenland, Band 8 (2017), Seite 7-40 alle Artikel anzeigen |
| Veröffentlicht: | 2017 [2018] |
| Umfang: | Illustrationen, Karten, Diagramme |
| Format: | Aufsatz |
| Sprache: | Deutsch |
X
alg: 43223833 001A $03025:01-06-18 001B $01999:01-06-18 $t22:33:00.000 001C $03025:01-06-18 $t12:59:51.000 001D $03025:01-06-18 001U $0utf8 001X $00 002@ $0Aou 002C $aText $btxt $2rdacontent 002D $aohne Hilfsmittel zu benutzen $bn $2rdamedia 002E $aBand $bnc $2rdacarrier 003@ $0432238336 007A $0432238336 $aHEB 010@ $ager 010E $erda 011@ $a2017 $n2017 [2018] 021A $aFalken im Ordenstaat und Herzogtum Preußen - ein ökologisch und ökonomisch knappes Gut $hMarie-Luise Heckmann 028A $BVerfasser $#Heckmann, M.-L. $#Laudage, Marie-Luise $#Laudage, M.-L. $#Chekmann, Mari-Luize $#Chekmann, M.-L. $#Хекманн, Мари-Луизе $#Хекманн, М.-Л. $#Лаудаге, Мари-Луизе $#Лаудаге, М.-Л. $4aut $71129902374 $8Heckmann, Marie-Luise$Z1962- [Tp3] $9402090942 031A $d8 $g34 $h7-40 $j2017 034M $aIllustrationen, Karten, Diagramme 039B $aEnthalten in $8--Abvc--. Preußenland. - Osnabrück : Fibre-Verl., 1963-. - ISSN 0032-7972 $x201700000080000993 $9047115017 044K $RHerzogtum Preußen $#Preußen Deutscher Orden $#Ordensstaat Deutscher Orden $#Deutschordensstaat $#Prūsija Vokiečių ordino valstybė $#Prusy Zakonne $#Prusko nemecký rytiersky štát $#Prusko Řád německých rytířů $#Prusy Krzyżackie $#Ordensland Preußen $#Preußen Ordensland $74076337-7 $8Preußen$gOrdensstaat [Tg1] $9085216380 044K $ROstpreußen $RPreußen $RPreußen $#Preußen Herzogtum $#Prūsijos Kunigaikštystė $#Ducal Prussia $#Prusy Książęce $#Prusko vojvodstvo $#Prusko vévodství $74137053-3 $8Herzogtum Preußen [Tg1] $9085512117 044K $#Falconidae $#Falcons $#Falconidés $#Faucons $#Falconi $#Falconidi $#Halcones $#Falcónidos $#Falconidae $74153609-5 $8Falken [Ts1] $9085645451 044K $RWirtschaft $#Commerce $#Commerce $#Comercio $#trade $#Handel $#Handel $#Warenhandel $74023222-0 $8Handel [Ts1] $9085057304 044K $RJagd $RFalkner $#Falconry $#Fauconnerie $#Falconeria $#Cetrería $#Beize Beizjagd $#Falknerei Beizjagd $74005367-2 $8Beizjagd [Ts1] $9085006173 044K $RVögel $#Ornithology $#Ornithologie $#Ornitologia $#Ornitología $#Vogelkunde $74075708-0 $8Ornithologie [Ts1] $9085214256 044K $RJäger $RFalknerin $RBeizjagd $#Falconers $#Falkenier $#Beizjäger $#Falkonier $74373952-0 $8Falkner [Ts1] $9088358615 044K $#Tours $#Circuits touristiques $#Reiseroute $#Route $74233933-9 $8Reiseweg [Ts1] $9086223178 045R $aIdeengeschichte 1350-1620 045T $a8,1 lok: 43223833 78 exp: 43223833 78 1 #EPN 201B/01 $001-06-18 $t12:53:34.000 201C/01 $001-06-18 201U/01 $0utf8 203@/01 $0102292303X 208@/01 $a01-06-18 $be 209A/01 $a/ $f000 $x00 209A/01 $ab*p $x01 220C/01 $akoe 247C/01 $82080>Marburg/Lahn, Herder-Institut, Forschungsbibliothek, Bibliographieportal $9336309341
| LEADER | 00000caa a2200000 c 4500 | ||
|---|---|---|---|
| 001 | 432238336 | ||
| 003 | DE-603 | ||
| 005 | 20180601223300.0 | ||
| 007 | tu | ||
| 008 | 180601s2017 xx |||| | u00||u|ger c | ||
| 035 | |a (DE-599)HEB432238336 | ||
| 040 | |a DE-603 |b ger |c DE-603 |d DE-603 |e rda | ||
| 041 | |a ger | ||
| 084 | |a 8,1 |2 ssgn | ||
| 100 | 1 | |a Heckmann, Marie-Luise |d 1962- |e Verfasser |4 aut |0 (DE-603)402090942 |0 (DE-588)1129902374 |2 gnd | |
| 245 | 0 | 0 | |a Falken im Ordenstaat und Herzogtum Preußen - ein ökologisch und ökonomisch knappes Gut |c Marie-Luise Heckmann |
| 264 | 0 | |c 2017 [2018] | |
| 300 | |b Illustrationen, Karten, Diagramme | ||
| 336 | |a Text |b txt |2 rdacontent | ||
| 337 | |a ohne Hilfsmittel zu benutzen |b n |2 rdamedia | ||
| 338 | |a Band |b nc |2 rdacarrier | ||
| 648 | 7 | |a Ideengeschichte 1350-1620 |2 gnd | |
| 650 | 7 | |a Falken |0 (DE-588)4153609-5 |0 (DE-603)085645451 |2 gnd | |
| 650 | 7 | |a Handel |0 (DE-588)4023222-0 |0 (DE-603)085057304 |2 gnd | |
| 650 | 7 | |a Beizjagd |0 (DE-588)4005367-2 |0 (DE-603)085006173 |2 gnd | |
| 650 | 7 | |a Ornithologie |0 (DE-588)4075708-0 |0 (DE-603)085214256 |2 gnd | |
| 650 | 7 | |a Falkner |0 (DE-588)4373952-0 |0 (DE-603)088358615 |2 gnd | |
| 650 | 7 | |a Reiseweg |0 (DE-588)4233933-9 |0 (DE-603)086223178 |2 gnd | |
| 651 | 7 | |a Preußen |g Ordensstaat |0 (DE-588)4076337-7 |0 (DE-603)085216380 |2 gnd | |
| 651 | 7 | |a Herzogtum Preußen |0 (DE-588)4137053-3 |0 (DE-603)085512117 |2 gnd | |
| 773 | 0 | 8 | |i Enthalten in |t Preußenland |d Osnabrück : Fibre-Verl., 1963- |h 24 cm |x 0032-7972 |g Band 8 (2017), Seite 7-40 |w (DE-603)047115017 |w (DE-600)123737-8 |
| 924 | 0 | |9 2080 |a (DE-603)102292303X |b DE-2080 |c HES |d d |g / | |


